| 000 -LEADER |
| fixed length control field |
00823cam a22002294a 4500 |
| 001 - CONTROL NUMBER |
| control field |
14567 |
| 003 - CONTROL NUMBER IDENTIFIER |
| control field |
BD-DhUAP |
| 005 - DATE AND TIME OF LATEST TRANSACTION |
| control field |
20200209170539.0 |
| 008 - FIXED-LENGTH DATA ELEMENTS--GENERAL INFORMATION |
| fixed length control field |
200202s2009 bg b 000 0 eng d |
| 037 ## - SOURCE OF ACQUISITION |
| Source of stock number/acquisition |
Library of Congress -- New Delhi Overseas Office |
| Terms of availability |
Tk100.00 |
| 040 ## - CATALOGING SOURCE |
| Original cataloging agency |
DLC |
| Transcribing agency |
BD-DhUAP |
| Modifying agency |
BD-DhUAP |
| Language of cataloging |
Eng |
| 082 ## - DEWEY DECIMAL CLASSIFICATION NUMBER |
| Edition number |
23 |
| Classification number |
331.481095492 SEL |
| 100 1# - MAIN ENTRY--PERSONAL NAME |
| Personal name |
Selim, Nadia. |
| 245 10 - TITLE STATEMENT |
| Title |
Domestic service in Bangladesh : |
| Remainder of title |
a case study in Dhaka / |
| Statement of responsibility, etc. |
Nadia Selim. |
| 260 ## - PUBLICATION, DISTRIBUTION, ETC. |
| Place of publication, distribution, etc. |
Dhaka : |
| Name of publisher, distributor, etc. |
Expressions Ltd., |
| Date of publication, distribution, etc. |
c2009. |
| 300 ## - PHYSICAL DESCRIPTION |
| Extent |
106 pages ; |
| Dimensions |
23 cm. |
| 504 ## - BIBLIOGRAPHY, ETC. NOTE |
| Bibliography, etc. note |
Includes bibliographical references. |
| 650 #0 - SUBJECT ADDED ENTRY--TOPICAL TERM |
| Topical term or geographic name entry element |
Women household employees |
| Geographic subdivision |
Bangladesh |
| -- |
Dhaka |
| General subdivision |
Social conditions |
| Form subdivision |
Case studies. |
| 906 ## - LOCAL DATA ELEMENT F, LDF (RLIN) |
| a |
7 |
| b |
cbc |
| c |
origode |
| d |
3 |
| e |
ncip |
| f |
20 |
| g |
y-gencatlg |
| 942 ## - ADDED ENTRY ELEMENTS (KOHA) |
| Source of classification or shelving scheme |
|
| Koha item type |
Book |